000 01295nam0a22002891 4500
001 rc\3173290
005 20120615112733.8
021 _aRU
_b76-71951
021 _aRU
_bРг14629-76
035 _a(NLR Aleph) 007309410
090 _a5794124
_c5794124
100 _a20120615d1976 |||y0rusy50 ca
101 0 _arus
102 _aRU
105 _aa i |||||
200 1 _aМетодика корректировки измеренных сумм осадков при расчете водных балансов
_e(Докл. на Междунар. семинар ЮНЕСКО/ВМО по водному балансу Европы, г. Варна, сент.-окт. 1976 г.)
_fГл. упр. гидрометслужбы при Совете Министров СССР. Гос. гидрол. ин-т
210 _aЛенинград
_cБ. и.
_d1976
215 _a21 с.
_cил.
_d21
320 _aБиблиогр.: с. 15
700 1 _aСтрузер
_bЛ. Р.
_gЛев Романович
701 1 _aГолубев
_bВ. С.
712 1 2 _aМеждународный семинар по водному балансу Европы
_f1976
_eВарна
_3RU\NLR\AUTH\8810167899
801 0 _aRU
_bNLR
_gpsbo
801 1 _aRU
_bELAR
_2rusmarc
852 _aNLR
_j76-6/7390
942 _cBOOK
980 _aNB